00136 a2200073 450000100060000010000100000624500180001626000280003444040 aIqbal aFalsafai Ajam abTasdeeq Hussain Tajc